[Event "N4, Rodez / Blaye"]
[Site "?"]
[Date "2007.11.25"]
[Round "?"]
[White "Nenert, Louis"]
[Black "Santoul, Pascal"]
[Result "1-0"]
[WhiteElo "1780"]
[BlackElo "1620"]
[EventDate "2007.??.??"]
[PlyCount "39"]

1.e4 c5 2.Nc3 Nc6 3.f4 e5 4.Bc4 Nf6 5.d3 Be7 6.Nf3 Qc7 7.fxe5 Nxe5 8.Bf4 
d6 9.h3 Nxc4 10.dxc4 Be6 11.Qd3 Rd8 12.O-O O-O 13.Nd5 Qd7 14.Nxe7+ Qxe7 
15.Rad1 Rd7 16.Bxd6 Bxc4 17.Qxc4 Rxd6 18.Rxd6 Nxe4 19.Rdd1 Qf6 20.Qxe4 1-0

[Event "N4, Blaye / Rodez"]
[Site "?"]
[Date "2007.11.25"]
[Round "?"]
[White "Schertzer, Jérémie"]
[Black "Martinez, Loïc"]
[Result "0-1"]
[WhiteElo "1600"]
[BlackElo "1790"]
[EventDate "2007.??.??"]
[PlyCount "62"]

1.d4 Nf6 2.Nf3 b6 3.Bg5 Ne4 4.e3 Nxg5 5.Nxg5 Bb7 6.Nf3 e6 7.Bd3 c5 8.c3 
Be7 9.Nbd2 O-O 10.Qc2 h6 11.h4 Nc6 12.Ne4 cxd4 13.exd4 Rc8 14.a3 f5 15.
Ned2 Bf6 16.Qb3 Kh8 17.a4 Na5 18.Qa2 Qc7 19.O-O-O Bd5 20.Qa3 Nc4 21.Bxc4 
Bxc4 22.Nxc4 Qxc4 23.Rd2 Qc7 24.Qb3 a6 25.Kc2 Rb8 26.d5 e5 27.Ng5 Qd6 28.
Nf3 b5 29.a5 Rfc8 30.Rh3 b4 31.Qa2 b3+ 0-1

[Event "N4, Blaye / Rodez"]
[Site "?"]
[Date "2007.11.25"]
[Round "?"]
[White "Forest, Eric"]
[Black "Grard, Alain"]
[Result "1-0"]
[WhiteElo "1812"]
[BlackElo "1650"]
[EventDate "2007.??.??"]
[PlyCount "49"]

1.d4 b5 2.e4 a6 3.Nf3 Bb7 4.Bd3 e6 5.O-O c5 6.c3 Nf6 7.Re1 c4 8.Bc2 Be7 9.
Nbd2 O-O 10.Nf1 d6 11.Ng3 Nbd7 12.Bf4 Re8 13.Qd2 Bf8 14.Rad1 Qc7 15.e5 Nd5
16.Bg5 dxe5 17.dxe5 Be7 18.Bxe7 Rxe7 19.Qg5 Nf8 20.Nh5 Ng6 21.h4 Nb6 22.
Nxg7 Bxf3 23.gxf3 Kh8 24.Qf6 Nd5 25.Rxd5 1-0

[Event "N4 -  Blaye / Rodez"]
[Site "?"]
[Date "2007.11.25"]
[Round "?"]
[White "Valat, Jean-Marie"]
[Black "De Biasi, Robert"]
[Result "1-0"]
[WhiteElo "1770"]
[BlackElo "1823"]
[EventDate "2007.??.??"]
[PlyCount "95"]

1.e4 c5 2.Nf3 d6 3.d4 cxd4 4.Nxd4 Nf6 5.Nc3 g6 6.Bc4 Bg7 7.Be3 O-O 8.h3 
Bd7 9.Qd2 Nc6 10.a3 Rc8 11.Bb3 Ne5 12.Qe2 a6 13.f4 Nc6 14.O-O-O b5 15.g4 
Na5 16.Ba2 Nc4 17.e5 dxe5 18.fxe5 Ne8 19.e6 Bxd4 20.Rxd4 fxe6 21.Rhd1 Ned6
22.Bg5 Qe8 23.Ne4 Nxe4 24.Qxe4 Rc7 25.Bxc4 Rxc4 26.Rxc4 bxc4 27.Qxc4 a5 
28.Qc7 Bc6 29.Qxa5 Bd5 30.Qc7 Rf7 31.c4 Qc6 32.Qxc6 Bxc6 33.Bh6 Rf8 34.
Bxf8 Kxf8 35.Re1 Kf7 36.g5 Bd7 37.h4 Kg7 38.b4 Kf8 39.b5 Ke8 40.Kd2 Kd8 
41.Kc3 Kc7 42.a4 Kd6 43.a5 e5 44.a6 Kc7 45.Rxe5 e6 46.Kd4 Kb6 47.Re1 Bc8 
48.Rf1 1-0

[Event "N4, Blaye / Rodez"]
[Site "?"]
[Date "2007.11.25"]
[Round "?"]
[White "Nghiem, Luat"]
[Black "Olle, Jean-Pierre"]
[Result "0-1"]
[WhiteElo "2030"]
[BlackElo "1840"]
[EventDate "2007.??.??"]
[PlyCount "104"]

1.e4 d6 2.d4 Nf6 3.Nc3 g6 4.Nf3 Bg7 5.Be2 c6 6.Bf4 Bg4 7.h3 Bxf3 8.Bxf3 
Qa5 9.Qd2 h5 10.O-O Nbd7 11.b4 Qc7 12.Rfd1 O-O 13.Bh6 Rac8 14.Bxg7 Kxg7 
15.Qe2 a6 16.a4 Rfe8 17.Rd2 e5 18.Rad1 d5 19.Qd3 dxe4 20.Nxe4 Nxe4 21.Bxe4
Nf6 22.dxe5 Qxe5 23.Bf3 Qe7 24.Qc3 Rcd8 25.Rxd8 Rxd8 26.Rxd8 Qxd8 27.g4 
hxg4 28.hxg4 Kg8 29.Kf1 Qe7 30.Qd4 Nd7 31.c4 Ne5 32.Qe4 Qe6 33.b5 Nxf3 34.
Qxf3 Qxc4+ 35.Kg2 axb5 36.axb5 Qxb5 37.Qe3 Qd5+ 38.f3 Qe6 39.Qb6 Qd7 40.
Qa7 Kh7 41.Qb8 b5 42.Qh2+ Kg7 43.Qe5+ f6 44.Qc3 g5 45.Qc5 Kf7 46.Qc2 Kg7 
47.Qc5 Qb7 48.f4 Qd7 49.f5 Qd5+ 50.Qxd5 cxd5 51.Kf2 Kf7 52.Ke3 Ke7 0-1

[Event "N4, Blaye / Rodez"]
[Site "?"]
[Date "2007.11.25"]
[Round "2"]
[White "Arlabosse, Nicolas"]
[Black "Tanguy, Fabien"]
[Result "0-1"]
[WhiteElo "1920"]
[BlackElo "2051"]
[EventDate "2007.??.??"]
[PlyCount "150"]

1.e4 g6 2.d4 Bg7 3.Nc3 d6 4.Be3 Nf6 5.f3 c6 6.Qd2 h5 7.h4 b5 8.O-O-O Qa5 
9.Kb1 b4 10.Nce2 Be6 11.a3 Na6 12.Nf4 Bd7 13.Bxa6 Qxa6 14.axb4 Qb5 15.b3 
a5 16.bxa5 Rxa5 17.Qd3 Qb7 18.Bd2 Ra8 19.Bc3 Qa7 20.Nge2 Bh6 21.g3 O-O 22.
Nc1 Rfc8 23.Bb2 c5 24.c4 cxd4 25.Bxd4 Qa6 26.Bb2 Bg7 27.Rh2 Rc5 28.Bc3 Qc8
29.Ra2 Rb8 30.Bb2 Rc7 31.Bxf6 exf6 32.Nd5 Be6 33.Nxc7 Qxc7 34.Kc2 f5 35.
Qxd6 Qb7 36.Qd3 fxe4 37.fxe4 Qb6 38.Qd6 Qb7 39.Rd3 Re8 40.Qf4 Bg4 41.Ra5 
Rxe4 42.Rd8+ Kh7 43.Qb8 Qe7 44.Qd6 Qb7 45.Rb8 Qe7 46.Qxe7 Rxe7 47.Rd8 Be5 
48.Rxe5 Rxe5 49.Kd2 Kg7 50.Rd3 Kf6 51.b4 Re4 52.Kc3 Be6 53.Rd4 Re3+ 54.Rd3
Re4 55.Rd4 Re3+ 56.Nd3 Rxg3 57.c5 g5 58.c6 gxh4 59.Rxh4 Kg5 60.Re4 Bf5 61.
Rd4 h4 62.Kc4 h3 63.Ne5 Be6+ 64.Kc5 h2 65.Rd1 Kf5 66.Rh1 Kxe5 67.Rxh2 Rc3+
68.Kb6 f5 69.b5 f4 70.Kc7 Bd5 71.Rd2 f3 72.Kb8 Bxc6 73.bxc6 Rxc6 74.Rf2 
Ke4 75.Kb7 Rg6 0-1

[Event "N4 - Ramonville2/Tournefeuille2"]
[Site "?"]
[Date "2007.11.26"]
[Round "2"]
[White "Rouveret, P."]
[Black "Moruzzi, Gerard"]
[Result "0-1"]
[WhiteElo "1850"]
[BlackElo "1560"]
[EventDate "2007.09.26"]
[PlyCount "58"]

1.d4 d5 2.Nc3 Nf6 3.Bg5 e6 4.Nf3 h6 5.Bxf6 Qxf6 6.e4 dxe4 7.Nxe4 Qd8 8.Bd3
Be7 9.Qe2 c6 10.c3 Nd7 11.Bc2 Nf6 12.Nxf6+ Bxf6 13.Ne5 Qe7 14.h4 Bd7 15.
O-O-O O-O-O 16.g3 Bxe5 17.Qxe5 f6 18.Qa5 Kb8 19.Rhe1 b6 20.Qa6 Bc8 21.Qc4 
Qc7 22.Be4 Rd6 23.Qb3 Rhd8 24.Bf3 c5 25.Kb1 Bb7 26.Bxb7 Kxb7 27.Rxe6 c4 
28.Qb4 Rxe6 29.a4 a5 0-1

[Event "N4 - Ramonville2/Tournefeuille2"]
[Site "?"]
[Date "2007.11.26"]
[Round "2"]
[White "Gelas, A."]
[Black "Tourenne, Dominique"]
[Result "0-1"]
[WhiteElo "1699"]
[BlackElo "1780"]
[EventDate "2007.09.26"]
[PlyCount "122"]

1.d4 d5 2.Nc3 Bf5 3.Nf3 Nf6 4.h3 h6 5.e3 Nbd7 6.Ne5 e6 7.Bb5 c6 8.Bd3 Bxd3
9.Qxd3 Bd6 10.Ng4 Nxg4 11.hxg4 Qg5 12.Qe2 O-O-O 13.e4 Qe7 14.e5 Bc7 15.a3 
f6 16.f4 fxe5 17.fxe5 Nb6 18.b4 Nc4 19.Nd1 Rdf8 20.Ne3 Nxe3 21.Bxe3 a6 22.
O-O-O Bb6 23.c3 Rf7 24.Rdf1 Rhf8 25.Rf2 Rxf2 26.Bxf2 a5 27.Kb2 axb4 28.
axb4 Kc7 29.Kb3 Qf7 30.Be3 Qe8 31.Rf1 Rxf1 32.Qxf1 Kd7 33.b5 Bc7 34.g3 Bb6
35.Kb4 Qe7+ 36.Kb3 c5 37.Qd1 c4+ 38.Kc2 Qe8 39.Bc1 Qg6+ 40.Kb2 Kc7 41.Qf3 
Qe8 42.Kc2 Qxb5 43.Qf7+ Qd7 44.Qxd7+ Kxd7 45.Ba3 Ke8 46.Kd2 Kf7 47.Ke3 Bd8
48.Kd2 Be7 49.Bc1 Bg5+ 50.Kd1 Bxc1 51.Kxc1 Kg6 52.Kd2 Kg5 53.Ke2 Kxg4 54.
Kf2 h5 55.Kg2 g5 56.Kf2 h4 57.gxh4 gxh4 58.Kg2 h3+ 59.Kh2 b5 60.Kg1 Kg3 
61.Kh1 b4 0-1

[Event "N4 - Ramonville2/Tournefeuille2"]
[Site "?"]
[Date "2007.11.26"]
[Round "2"]
[White "Steffens, D."]
[Black "Taravaud, E."]
[Result "1-0"]
[WhiteElo "1850"]
[BlackElo "1670"]
[EventDate "2007.09.26"]
[PlyCount "82"]

1.d4 Nf6 2.c4 g6 3.Nc3 d5 4.cxd5 Nxd5 5.e4 Nxc3 6.bxc3 Bg7 7.Nf3 c5 8.Be3 
O-O 9.Be2 b6 10.O-O Bb7 11.Qc2 Nd7 12.Rfd1 Qc8 13.d5 Nf6 14.h3 Qc7 15.Rac1
Rad8 16.c4 Nh5 17.Nh2 Nf4 18.Qd2 Ne6 19.f4 Bd4 20.dxe6 Qxf4 21.Bxd4 Qxd2 
22.Rxd2 cxd4 23.exf7+ Kg7 24.Bf3 h5 25.e5 Bxf3 26.Nxf3 Rd7 27.Ng5 e6 28.
Nxe6+ Kxf7 29.Rf1+ Kxe6 30.Rxf8 Kxe5 31.Re8+ Kf6 32.Re4 d3 33.Re3 Rd4 34.
Rexd3 Rxc4 35.Rd6+ Kg5 36.R2d5+ Kh6 37.Rd7 Ra4 38.Rb7 Rxa2 39.h4 Ra4 40.g3
Ra5 41.Rdd7 g5 1-0

[Event "N4 - Ramonville2/Tournefeuille2"]
[Site "?"]
[Date "2007.11.26"]
[Round "2"]
[White "Moisselin, S."]
[Black "Devos Hervé, H."]
[Result "0-1"]
[WhiteElo "1640"]
[BlackElo "1886"]
[EventDate "2007.09.26"]
[PlyCount "112"]

1.e4 d6 2.d4 Nf6 3.Nc3 g6 4.Nf3 Bg7 5.Bc4 O-O 6.O-O Nxe4 7.Nxe4 d5 8.Bxd5 
Qxd5 9.Nc3 Qc4 10.Re1 e6 11.Bf4 c5 12.Bd6 Rd8 13.Bxc5 b6 14.Be7 Rd7 15.Bg5
Nc6 16.Qe2 Qxe2 17.Nxe2 Nb4 18.Rec1 Bb7 19.Ne5 Rc7 20.c3 Nc6 21.Bf4 Re8 
22.Nxc6 Rxc6 23.Rd1 Rd8 24.Rd2 e5 25.dxe5 Rxd2 26.Bxd2 Bxe5 27.Rd1 Rd6 28.
Kf1 Ba6 29.f4 Bxf4 30.Ke1 Bxe2 31.Kxe2 Bxh2 32.Bh6 Rxd1 33.Kxd1 f5 34.Ke2 
Kf7 35.Kf3 Be5 36.Be3 Ke6 37.Ke2 f4 38.Bf2 g5 39.Kd3 Kf5 40.b4 h5 41.c4 h4
42.Ke2 Ke4 43.a3 Bf6 44.a4 g4 45.c5 bxc5 46.bxc5 Bd8 47.c6 Kd5 48.Bxh4 Bc7
49.Bf2 a6 50.Kd3 Kxc6 51.Ke4 Bd6 52.Be1 Kc5 53.Bd2 f3 54.gxf3 g3 55.Ke3 
Kc4 56.a5 Bc5+ 0-1

[Event "N4 - Ramonville2/Tournefeuille2"]
[Site "?"]
[Date "2007.11.26"]
[Round "2"]
[White "Rolle, Pascal"]
[Black "Marni-Sandid, Tarik"]
[Result "0-1"]
[WhiteElo "1899"]
[BlackElo "1602"]
[EventDate "2007.09.26"]
[PlyCount "80"]

1.e4 a6 2.d4 c5 3.dxc5 e6 4.Be3 Qc7 5.Nc3 Bxc5 6.Qg4 Bxe3 7.Qxg7 Bxf2+ 8.
Kxf2 Qf4+ 9.Nf3 Qf6 10.Qg3 Nh6 11.e5 Qf5 12.Bd3 Qg4 13.h3 Qxg3+ 14.Kxg3 
Nc6 15.Kf2 b6 16.Ne4 Nb4 17.Nf6+ Ke7 18.Be4 Rb8 19.c3 Nc6 20.Bxh7 Nxe5 21.
Nxe5 Kxf6 22.Ng4+ Nxg4+ 23.hxg4 Bb7 24.Rh6+ Kg7 25.Rah1 Be4 26.Bxe4 Rxh6 
27.Rxh6 Kxh6 28.Ke3 d5 29.Bd3 b5 30.Kf4 f6 31.Bc2 Rc8 32.Bd3 e5+ 33.Kf5 e4
34.Be2 Rc6 35.Bf1 Rb6 36.g5+ fxg5 37.Ke5 Kg6 38.Kxd5 Rf6 39.Be2 Rf2 40.Bd1
Rd2+ 0-1

[Event "NIV-Colomiers/Albi"]
[Site "Colomiers"]
[Date "2007.11.26"]
[Round "2.5"]
[White "Durbize, Patrick"]
[Black "Suroyan, Ararat"]
[Result "1-0"]
[WhiteElo "1960"]
[BlackElo "1920"]
[EventDate "2007.??.??"]
[PlyCount "73"]

1.e4 e5 2.Nf3 Nc6 3.Bc4 d6 4.h3 h6 5.d4 exd4 6.Nxd4 Nxd4 7.Qxd4 Be6 8.Nc3 
Qf6 9.Qd3 O-O-O 10.Be3 Bxc4 11.Qxc4 Qe6 12.Nd5 c6 13.Bxa7 Kd7 14.Nb6+ Ke8 
15.O-O-O Qxc4 16.Nxc4 Nf6 17.Bb6 Rd7 18.Rhe1 Be7 19.e5 dxe5 20.Rxe5 Rxd1+ 
21.Kxd1 Nd7 22.Ra5 Nxb6 23.Nxb6 Bd8 24.Re5+ Be7 25.Nc8 Kd7 26.Rxe7+ Kxc8 
27.Rxf7 g5 28.Kd2 Re8 29.g4 Kb8 30.Rf6 Rh8 31.a4 h5 32.Rf5 hxg4 33.hxg4 
Rg8 34.Kc3 Kc7 35.Kc4 Rg7 36.b4 Kd6 37.a5 1-0

[Event "N4 - Ramonville2/Tournefeuille2"]
[Site "?"]
[Date "2007.11.27"]
[Round "2"]
[White "Levy, H."]
[Black "Rizzo Correa Galvao, Ricardo"]
[Result "0-1"]
[WhiteElo "1230"]
[BlackElo "1620"]
[EventDate "2007.09.26"]
[Annotator ",Michko"]
[PlyCount "100"]

1.e4 c5 2.Nf3 d6 3.Nc3 Nf6 4.h3 Nc6 5.Bb5 Bd7 6.O-O g6 7.Re1 e5 8.Bxc6 
Bxc6 9.d3 Bg7 10.Bg5 Qc8 11.a3 O-O 12.b4 b6 13.b5 Bd7 14.Bxf6 Bxf6 15.Nd5 
Qd8 16.a4 Bg7 17.Nd2 Be6 18.Nc4 Bxd5 19.exd5 Re8 20.a5 e4 21.Ra4 exd3 22.
Rxe8+ Qxe8 23.Qxd3 Qxb5 24.Qb3 Qxb3 25.cxb3 b5 26.Ra2 bxc4 27.bxc4 Rb8 28.
a6 Rb4 29.Re2 Ra4 30.f4 Rxa6 31.g4 Ra4 32.Re4 Kf8 33.h4 f5 34.gxf5 gxf5 
35.Re6 Ra6 36.h5 Kf7 37.Re2 Ra4 38.Rc2 Bh6 39.Kf2 Bxf4 40.Kf3 Be5 41.Ke3 
Kf6 42.Kd3 Ra3+ 43.Ke2 Kg5 44.Kf1 Kxh5 45.Rh2+ Bxh2 46.Kg2 Be5 47.Kf2 Kg4 
48.Ke2 h5 49.Kd2 h4 50.Kc2 h3 {et ici les Blancs jouerent 51 .Rb2 , se 
mettant en echec, les Noirs ne l'ont pas vu et ont fait dame et gagne 4 
coups plus tard....} 0-1

[Event "NIV-Colomiers/Albi"]
[Site "Colomiers"]
[Date "2007.12.02"]
[Round "2.3"]
[White "Casella, Laurent"]
[Black "Carron, Jean-Marie"]
[Result "1-0"]
[WhiteElo "2037"]
[BlackElo "1923"]
[EventDate "2007.??.??"]
[PlyCount "43"]

1.e4 e6 2.d4 d5 3.Nc3 Nf6 4.e5 Nfd7 5.f4 c5 6.Nf3 Nc6 7.Ne2 Qb6 8.c3 Be7 
9.g3 f6 10.Bh3 fxe5 11.fxe5 cxd4 12.cxd4 Rf8 13.Nf4 Bb4+ 14.Kf1 Nd8 15.Ng5
g6 16.Nxh7 Rh8 17.Ng5 Nf8 18.Kg2 Be7 19.Nf3 Nf7 20.Qc2 Rh6 21.Nxd5 Rxh3 
22.Nxb6 1-0

[Event "NIV-Colomiers2/Ste Foy"]
[Site "Colomiers"]
[Date "2007.12.05"]
[Round "2.8"]
[White "Prest, Arnaud"]
[Black "Massonnier, Simon"]
[Result "1-0"]
[WhiteElo "1490"]
[BlackElo "1180"]
[EventDate "2007.??.??"]
[PlyCount "101"]

1.b3 e5 2.Bb2 Nc6 3.e3 a6 4.Nf3 Bd6 5.Be2 f6 6.O-O Bc5 7.Re1 d6 8.d4 exd4 
9.exd4 Bb6 10.Bxa6+ Nge7 11.Bd3 d5 12.c4 O-O 13.cxd5 Nxd5 14.Bc4 Kh8 15.
Nc3 Nf4 16.Ne2 Nxe2+ 17.Rxe2 Bg4 18.Re3 Bxf3 19.Qxf3 Bxd4 20.Bxd4 Qxd4 21.
Rd1 Qc5 22.Rd7 Rxa2 23.Qg3 g6 24.Qh4 h5 25.Qf4 g5 26.Qf3 g4 27.Qe4 f5 28.
Qf4 Ra1+ 29.Bf1 Rxf1+ 30.Kxf1 Qc1+ 31.Ke2 Qb2+ 32.Rd2 Qg7 33.Re6 Rf6 34.
Rxf6 Qxf6 35.Qxc7 Qe6+ 36.Kf1 Qxb3 37.Qc8+ Kg7 38.Rd7+ Kf6 39.Qf8+ Ke5 40.
Qe8+ Qe6 41.Qh8+ Ke4 42.f3+ gxf3 43.gxf3+ Kxf3 44.Qxh5+ Ke4 45.Qe2+ Kf4 
46.Qxe6 Kg4 47.Rxb7 Nd4 48.Rb4 Kf3 49.Qd5+ Ke3 50.Qxd4+ Kf3 51.Qf4# 1-0

[Event "Coupe de France - Loures / Tarbes"]
[Site "Tarbes"]
[Date "2007.12.09"]
[Round "1"]
[White "Saunders, MarK"]
[Black "Bunjaku, Rijard"]
[Result "0-1"]
[WhiteElo "1799"]
[BlackElo "1950"]
[EventDate "2007.12.09"]
[PlyCount "86"]

1.e4 g6 2.d4 Bg7 3.Nf3 Nf6 4.Nc3 d6 5.h3 O-O 6.Bc4 b6 7.O-O Ba6 8.Qe2 Bxc4
9.Qxc4 c6 10.Qe2 Qc8 11.Bg5 e6 12.Qd2 Re8 13.Bh6 b5 14.Bxg7 Kxg7 15.a3 Qb7
16.e5 dxe5 17.dxe5 Nd5 18.Ne4 Qe7 19.b3 Nd7 20.Rfd1 Nc5 21.Nd6 Rf8 22.Qd4 
Nb7 23.c4 c5 24.Qd2 bxc4 25.Nxc4 Rad8 26.Qc2 Rd7 27.Rd2 Rfd8 28.Rad1 h6 
29.Qc1 Nb6 30.Nd6 Nxd6 31.exd6 Rxd6 32.Qc3+ f6 33.Qxc5 Nd5 34.Re1 Nf4 35.
Red1 Nd5 36.Nd4 Kf7 37.Nb5 R6d7 38.Qxe7+ Kxe7 39.Rc2 Nf4 40.Rxd7+ Rxd7 41.
Kh2 g5 42.g3 Nd3 43.Kg2 Ne1+ 0-1

[Event "Coupe de France - Loures / Tarbes"]
[Site "Tarbes"]
[Date "2007.12.09"]
[Round "1"]
[White "Rich, Philippe"]
[Black "Luneau, Gilles"]
[Result "1-0"]
[WhiteElo "2034"]
[BlackElo "1895"]
[EventDate "2007.12.09"]
[PlyCount "45"]

1.e4 c5 2.d4 cxd4 3.Nf3 e6 4.c3 d3 5.Bxd3 Nc6 6.O-O Qc7 7.Re1 d6 8.Na3 a6 
9.Bf4 e5 10.Be3 Be6 11.Ng5 Nf6 12.Nxe6 fxe6 13.Bc4 d5 14.exd5 Rd8 15.Bg5 
Bxa3 16.Bxf6 gxf6 17.Qh5+ Kf8 18.dxc6 Qxc6 19.Be2 Bxb2 20.Qh6+ Kg8 21.Rab1
Qxc3 22.Qxf6 Rf8 23.Qg5+ 1-0

[Event "Coupe de France - Loures / Tarbes"]
[Site "Tarbes"]
[Date "2007.12.09"]
[Round "1"]
[White "Oriot, Patrice"]
[Black "Labat, Jory"]
[Result "1-0"]
[WhiteElo "2200"]
[BlackElo "1816"]
[EventDate "2007.12.09"]
[PlyCount "69"]

1.e4 e6 2.d4 d5 3.c4 dxe4 4.Nc3 Nf6 5.f3 c5 6.d5 a6 7.fxe4 exd5 8.exd5 Bd6
9.Nf3 O-O 10.Be2 Nbd7 11.O-O Qc7 12.Qe1 Ne5 13.Qh4 Ng6 14.Qe1 Re8 15.Bg5 
Ng4 16.h3 Bh2+ 17.Kh1 Bg3 18.Qd2 Nf2+ 19.Rxf2 Bxf2 20.d6 Qc6 21.Nd5 Re6 
22.Ne7+ Nxe7 23.Bxe7 Be3 24.Qc2 Rh6 25.Qd3 Bf2 26.Kh2 Rg6 27.Rd1 Bxh3 28.
gxh3 Qd7 29.Ng5 h6 30.Bg4 Qc6 31.Nxf7 Kxf7 32.Qf5+ Rf6 33.Bxf6 gxf6 34.
Qh7+ Kf8 35.Be6 1-0

[Event "Coupe de France - Loures / Tarbes"]
[Site "Tarbes"]
[Date "2007.12.09"]
[Round "1"]
[White "Carassus, Jean-Louis"]
[Black "Roques, Pascal"]
[Result "1-0"]
[WhiteElo "1870"]
[BlackElo "1940"]
[EventDate "2007.12.09"]
[PlyCount "95"]

1.e4 Nc6 2.Nc3 e6 3.d3 Bb4 4.Bd2 a5 5.Nf3 d6 6.d4 Nge7 7.a3 Bxc3 8.Bxc3 d5
9.Bd3 dxe4 10.Bxe4 Nd5 11.Bd2 h6 12.O-O O-O 13.c3 Nf6 14.Bb1 b6 15.Qc2 Bb7
16.Ne5 Qd5 17.Ng4 Qxg2+ 18.Kxg2 Nxd4+ 19.Kh3 Nxc2 20.Nxf6+ gxf6 21.Bxc2 f5
22.Bxh6 Rfd8 23.Rg1+ Kh7 24.Bg5 Rg8 25.Bf4 Rg6 26.Rxg6 Kxg6 27.Bxc7 Kf6 
28.Bg3 Rh8+ 29.Bh4+ Ke5 30.Rg1 Kf4 31.Bd1 e5 32.Rg5 Ba6 33.Rg1 Bb7 34.Be2 
Ke4 35.Rg5 f4 36.Rh5 Bc8+ 37.Kg2 Rg8+ 38.Kf1 f3 39.Bb5 Bh3+ 40.Ke1 Rg1+ 
41.Kd2 Be6 42.Bc6+ Kf4 43.Bg3+ Kg4 44.Rxe5 Bb3 45.Re1 Rg2 46.Re3 Rg1 47.
Bxf3+ Kg5 48.Re1 1-0

[Event "Coupe de France - Castel/Agen"]
[Site "?"]
[Date "2007.12.09"]
[Round "2.2"]
[White "Cruzel, Thierry"]
[Black "Lecoultre, Patrick"]
[Result "1-0"]
[WhiteElo "1904"]
[BlackElo "1763"]
[EventDate "2007.??.??"]
[PlyCount "70"]
[WhiteTeam "Agen"]
[BlackTeam "Moissac/Castelsarrasin"]

1.d4 Nf6 2.c4 c5 3.Nf3 g6 4.Nc3 cxd4 5.Nxd4 Bg7 6.Bf4 Nc6 7.e3 O-O 8.Be2 
d6 9.Rc1 Qb6 10.Nxc6 bxc6 11.b3 Bf5 12.Bf3 Rad8 13.Qe2 e5 14.Bg5 Rfe8 15.
g4 Bc8 16.Ne4 Re6 17.h4 Qa5+ 18.Kf1 d5 19.Nxf6+ Bxf6 20.Bxf6 Rxf6 21.g5 
Rfd6 22.Qb2 dxc4 23.bxc4 Ba6 24.Kg2 Rd2 25.Qc3 Qc5 26.Rhd1 Rxd1 27.Bxd1 
Qd6 28.Bf3 Qe6 29.Qa5 Qc8 30.Qxe5 Rd2 31.a3 Bb7 32.Qc3 Rd8 33.Qa5 a6 34.
Rc2 Qd7 35.Qc3 Qf5 {Perte au controle de temps 40 coups/2h} 1-0

[Event "Coupe de France - Castel/Agen"]
[Site "?"]
[Date "2007.12.09"]
[Round "2.3"]
[White "Graton, Tanguy"]
[Black "Rivière, Frédéric"]
[Result "0-1"]
[WhiteElo "1860"]
[BlackElo "1848"]
[EventDate "2007.??.??"]
[PlyCount "77"]
[WhiteTeam "Agen"]
[BlackTeam "Moissac/Castelsarrasin"]

1.e4 e5 2.Nf3 d6 3.d4 exd4 4.Nxd4 Nf6 5.Nc3 Be7 6.Bc4 O-O 7.O-O Nbd7 8.f4 
c6 9.a3 Nc5 10.e5 dxe5 11.fxe5 Bg4 12.Nf3 Nfe4 13.Nxe4 Nxe4 14.Be3 Qc7 15.
Qd4 Bf5 16.Qd1 Rad8 17.Qe2 Bg4 18.Rad1 Ng5 19.Bd4 b5 20.Ba2 c5 21.Bf2 Bxf3
22.gxf3 Qxe5 23.Qxe5 Nxf3+ 24.Kg2 Nxe5 25.Rde1 Nc6 26.Rxe7 Nxe7 27.Bxc5 
Rd2+ 28.Kg1 Rd7 29.c4 Rc8 30.cxb5 Nd5 31.Bxd5 Rxc5 32.Re1 g6 33.Bc6 Rd2 
34.b4 Rc3 35.Ra1 Rb2 36.Bd7 Rbb3 37.a4 Rxb4 38.Rf1 Rcc4 39.a5 {Perte au 
controle de temps 40 coups/2h} 0-1

[Event "Coupe de France - Castel/Agen"]
[Site "?"]
[Date "2007.12.09"]
[Round "2.4"]
[White "Ramahef, Eric"]
[Black "El Forkane, Mohamed"]
[Result "1-0"]
[WhiteElo "2010"]
[BlackElo "1480"]
[EventDate "2007.??.??"]
[PlyCount "55"]
[WhiteTeam "Moissac/Castelsarrasin"]
[BlackTeam "Agen"]

1.e4 c5 2.Nf3 e6 3.d4 cxd4 4.Nxd4 Nc6 5.Nb5 d6 6.c4 Nf6 7.N1c3 Be7 8.Bf4 
e5 9.Bg5 Nd4 10.Nxd4 exd4 11.Qxd4 O-O 12.Bf4 Be6 13.Be2 a6 14.O-O Qc7 15.
b3 Rfc8 16.Rac1 Qc6 17.Bf3 Qd7 18.Na4 d5 19.exd5 Bg4 20.Bxg4 Qxg4 21.h3 
Qh4 22.Be3 Qh5 23.d6 Rd8 24.c5 Rac8 25.Nb6 Rc6 26.Qf4 Bf8 27.Rfd1 g6 28.
Qxf6 1-0

[Event "Coupe de France - Castel/Agen"]
[Site "?"]
[Date "2007.12.09"]
[Round "2.1"]
[White "Gregory, Daniel"]
[Black "Le Hetet, Nicolas"]
[Result "0-1"]
[WhiteElo "2069"]
[BlackElo "2097"]
[EventDate "2007.??.??"]
[PlyCount "110"]
[WhiteTeam "Moissac/Castelsarrasin"]
[BlackTeam "Agen"]

1.e4 e5 2.f4 Nc6 3.Nf3 f5 4.Nc3 fxe4 5.Nxe5 Nf6 6.Bb5 Bc5 7.Bxc6 dxc6 8.
Qe2 Be6 9.d3 Qd4 10.dxe4 Bb4 11.Bd2 Bxc3 12.Bxc3 Qxe4 13.Qxe4 Nxe4 14.Bd4 
c5 15.Be3 O-O-O 16.O-O Rhf8 17.Rfe1 Rd6 18.a4 b6 19.a5 Kb7 20.axb6 cxb6 
21.Rad1 Rfd8 22.Rxd6 Rxd6 23.Kf1 a5 24.Bc1 Nf6 25.h3 Nd5 26.Bd2 a4 27.g4 
b5 28.c4 Nb6 29.Be3 Bxc4+ 30.Kf2 Nd7 31.Nxc4 bxc4 32.Rc1 Rb6 33.Rc2 Kc6 
34.Bc1 Rb4 35.Re2 Rb3 36.Kg2 c3 37.bxc3 Nf6 38.c4 Rc3 39.Bb2 Rxc4 40.f5 
Nd5 41.Re6+ Kb5 42.Kf3 a3 43.Bxg7 a2 44.Re1 Ra4 45.Be5 c4 46.f6 c3 47.Ra1 
Ra7 48.Bd4 Rf7 49.g5 Kc4 50.Ke4 Nb4 51.Rc1 c2 52.Ba1 Rd7 53.Kf5 Rd1 54.
Rxc2+ Nxc2 55.Be5 Nd4+ 0-1

[Event "Coupe de France - Condom/Muret"]
[Site "?"]
[Date "2007.12.09"]
[Round "2"]
[White "Woloszyn, Florent"]
[Black "Boukhris, Khaled"]
[Result "1-0"]
[WhiteElo "1986"]
[BlackElo "1836"]
[EventDate "2007.12.09"]
[PlyCount "67"]

1.d4 d5 2.Nf3 Nf6 3.Bf4 Bf5 4.c4 e6 5.Qb3 Qc8 6.Nc3 c6 7.e3 a5 8.Rc1 Bb4 
9.Be2 dxc4 10.Bxc4 Be4 11.Ne5 Bd5 12.O-O Bxc4 13.Nxc4 O-O 14.Nb6 Qd8 15.
Nxa8 Nbd7 16.Nc7 Nh5 17.Nxe6 fxe6 18.Qxe6+ Kh8 19.Bg3 Re8 20.Qb3 Nxg3 21.
hxg3 Nf6 22.a3 Bxc3 23.bxc3 Ng4 24.Qxb7 Qg5 25.Qxc6 Qh5 26.Rfe1 Qh2+ 27.
Kf1 Rf8 28.f4 Qxg3 29.Rc2 Nxe3+ 30.Rxe3 Qxe3 31.Rf2 Rb8 32.g4 Rb1+ 33.Kg2 
h6 34.Qc8+ 1-0

[Event "Coupe de France - Condom/Muret"]
[Site "?"]
[Date "2007.12.09"]
[Round "2"]
[White "Grimmer, Jonathan"]
[Black "Beaurain, Jerome"]
[Result "1/2-1/2"]
[WhiteElo "1940"]
[BlackElo "2066"]
[EventDate "2007.12.09"]
[PlyCount "43"]

1.e4 c5 2.Nf3 Nc6 3.Nc3 g6 4.d4 cxd4 5.Nxd4 Bg7 6.Nxc6 bxc6 7.Bc4 Rb8 8.
Qf3 e6 9.O-O d5 10.exd5 cxd5 11.Bb3 Ne7 12.Bg5 O-O 13.Rfe1 Bb7 14.Bxe7 
Qxe7 15.Bxd5 Bxc3 16.bxc3 Bxd5 17.Qxd5 exd5 18.Rxe7 Rfc8 19.Rxa7 Rxc3 20.
Rd7 Rxc2 21.Rxd5 Rxa2 22.Rdd1 1/2-1/2

[Event "Coupe de France - Condom/Muret"]
[Site "?"]
[Date "2007.12.09"]
[Round "2"]
[White "Hervet, Gilles"]
[Black "Ducret, Thomas"]
[Result "1/2-1/2"]
[WhiteElo "1998"]
[BlackElo "2225"]
[EventDate "2007.12.09"]
[PlyCount "30"]

1.e4 g6 2.d4 Bg7 3.Nc3 c6 4.Be3 d5 5.e5 h5 6.Bd3 Nh6 7.Nge2 b6 8.O-O h4 9.
Bg5 h3 10.g3 Bf5 11.Bxh6 Bxh6 12.Bxf5 gxf5 13.f4 e6 14.Rf3 Bf8 15.Qf1 c5 
1/2-1/2

[Event "Coupe de France - Condom/Muret"]
[Site "?"]
[Date "2007.12.09"]
[Round "2"]
[White "Dezan, Pierre"]
[Black "Boukhris-Ferre, Yacine"]
[Result "1-0"]
[WhiteElo "2135"]
[BlackElo "1855"]
[EventDate "2007.12.09"]
[PlyCount "37"]

1.Nf3 Nf6 2.b3 d5 3.Bb2 c6 4.e3 Nbd7 5.c4 e6 6.d4 Be7 7.Bd3 O-O 8.Nc3 c5 
9.cxd5 exd5 10.O-O Re8 11.Rc1 Bf8 12.Qc2 g6 13.Rfd1 a6 14.Ne2 Ne4 15.Nf4 
cxd4 16.Nxd5 Ndc5 17.Bxe4 Rxe4 18.Bxd4 Bf5 19.Nf6+ 1-0

[Event "Coupe de France-CATE/Auch"]
[Site "?"]
[Date "2007.12.09"]
[Round "2"]
[White "Sadones, Thibault"]
[Black "Genty, Titouan"]
[Result "1-0"]
[WhiteElo "1550"]
[BlackElo "1199"]
[EventDate "2007.??.??"]
[PlyCount "65"]

1.e4 c5 2.c3 Nc6 3.d4 cxd4 4.cxd4 g6 5.Nf3 Bg7 6.Nc3 d6 7.Bb5 Bd7 8.O-O e5
9.d5 Nd4 10.Bxd7+ Qxd7 11.Be3 Nb5 12.Qb3 Nxc3 13.Qxc3 Nf6 14.Nd2 O-O 15.f3
b6 16.Qc6 Rac8 17.Qxd7 Nxd7 18.Rac1 a5 19.Nc4 b5 20.Nxd6 Rxc1 21.Rxc1 b4 
22.Rc7 Rd8 23.Ra7 Bf8 24.Nb7 Rb8 25.Nxa5 Bc5 26.Bxc5 Nxc5 27.Nc6 Rb7 28.
Rxb7 Nxb7 29.Nxb4 Kf8 30.a4 Ke7 31.Nc6+ Kd6 32.a5 Nc5 33.b4 1-0

[Event "Coupe de France-CATE/Auch"]
[Site "?"]
[Date "2007.12.09"]
[Round "2"]
[White "Golic, Nadil"]
[Black "Poussy, Daniel"]
[Result "1-0"]
[WhiteElo "2050"]
[BlackElo "1410"]
[EventDate "2007.??.??"]
[PlyCount "45"]

1.d4 d5 2.c4 Nc6 3.Nf3 Bg4 4.e3 Nf6 5.Nc3 e6 6.a3 Be7 7.cxd5 exd5 8.Be2 
O-O 9.O-O a6 10.Qc2 Qd7 11.Re1 b5 12.b4 Bd6 13.Nd2 Bf5 14.Bd3 Ne7 15.f3 
Rae8 16.e4 dxe4 17.fxe4 Bxh2+ 18.Kxh2 Qd6+ 19.g3 Ng4+ 20.Kg2 Qxd4 21.Nf3 
Qd6 22.Bf4 Qd4 23.Nxd4 1-0